Statistiche per Top 15 dei paesi con decessi Covid-19 - 30 marzo 2022

Clicka qui per fare il quiz!

Statistiche generali

  • Questo quiz è stato fatto 9 volte
  • Il punteggio medio è 12 su 27

Statistiche sulle risposte

paese% Corretto
Francia
100%
Germania
100%
Italia
100%
Russia
100%
Stati Uniti
88%
India
75%
Messico
75%
Polonia
75%
Regno Unito
75%
Argentina
63%
Brasile
63%
Perù
63%
Colombia
50%
Indonesia
38%
Iran
38%
Romania
25%
Cechia
13%
Croazia
13%
Georgia
13%
Slovacchia
13%
Slovenia
13%
Ungheria
13%
Bosnia ed Erzegovina
0%
Bulgaria
0%
Lettonia
0%
Lituania
0%
Macedonia del Nord
0%

Distribuzione punteggi

Percentile per numero di risposta

Percentuale di utenti per punteggio

I tuoi punteggi nel tempo

Non hai fatto questo quiz